01256nam a22001697a 4500008004100000020001800041040005500059080002100114245006100135260004500196300001000241500076400251650001301015653001601028700002001044700002201064230519b |||||||| |||| 00| 0 eng d a81-7099-360-1 aNational Science LibrarycNational Science Library aR 502.2/.7bN2.1 aEncyclopaedia of ecology environment & pollution control aNew Delhi: bMittal Publications, c1992 a416p. 3Vol.1 An introduction to man and his environment Vol.2 Environmental health education and public understanding Vol.3 Marine environment an analysis Vol.6 social and economic impact of environmental policies Vol.7 Environmental science and technology Vol.8 Control and sensing of environmental quality Vol.9 Sources and characterization of pollutions Vol.10 Agriculture industry and the environment Vol.11 Energy and the environment Vol.12 Environment water resource Vol.13 Air pollution the dangerous dimension Vol.14 Dimension of environment pollution Vol.15 Environment water pollution and its control Vol.17 Environment air and water analysis Vol.18 Fossil and the environment Vol.19 Environment pollution analysis Vol.20 Environment an assessment  aEcology  aEnvironment aSwarup, R (Ed.) aMishra, S N (Ed.)